000 00296pam a2200133 a 4500
020 _c
041 _h
082 _a751
_bBAT
100 _aBates bob.
245 _aHow to draw Adventures in A and Oils 2
_hTextual Documents
250 _a1989.
260 _apune:
_bWalter Foster.
930 _a12
999 _c233802
_d233802